00787nam a22001817a 4500008004100000040003100041041000800072100002100080245020000101264000900301653002100310653004600331653001600377653001300393653002000406653003300426773014600459201127b ||||| |||| 00| 0 eng d aDE-2950bgercDE-2950erda ager aWeber-Rath, Ines aStadtspaziergang vor 1945 mit den Augen eines Malers.bHeimatgeschichte: Das Frankfurter Jahrbuch 2021 ist erschienen. Es widmet sich unter anderem dem Künstler Max Heilmann./cInes Weber-Rath  c2021 aFrankfurt (Oder) aHeilmann, Max; Grafiker, Maler, 1869-1956 aHeimatkunde aJahrbuch aMuseum Viadrina aStadtarchiv Frankfurt (Oder) g32. Jahrgang (2021) Nr. 253 vom 29.10.2021, S. 15dFrankfurt (Oder) Märkisches Verlags- und Druckhaus GmbH & Co KGtMärkische Oderzeitung